000 01089nam a2200301 4500
001 0000017991
003 CO-CtgCURN
005 20250429224010.0
007 ta
008 160627s1998 000 0 eng d
020 _a9582003944
040 _aCO-CtgCURN
_bspa
_ccoctgcurn
082 0 _a372.868
_bE18
100 1 _aEscobar, Cielo Patricia.
245 1 0 _aDanzas lúdicas para preescolar :
_ba ritmo de nuestro folclor /
_cCielo Patricia Escobar.
260 _aBogotá :
_bCooperativa Editorial del Magisterio,
_c1998.
300 _a167 p.
336 _2rdacontent
337 _2rdamedia
_asin mediacion
_bn
338 _2rdacarrier
_avolumen
_bnc
490 1 _aColección Aula Alegre
504 _aBibliografia (p. 165-166)
505 8 _aReseña historica del preescolar en Colombia.--A ritmo de nuestro folclor.--Aspectos pedagogicos y didacticos de la enseñanza.--A danzar
650 1 4 _aEducación preescolar
_xAntecedentes
_zColombia.
908 _a160627
942 _cBK
_h372.868
_iE18
_2ddc
999 _c34765
_d34765